000 00374nam a2200133Ia 4500
008 230312s9999||||xx |||||||||||||| ||und||
082 _a891.4
_bSHA-M
100 _aخواجہ شمس الدین عظمی
245 0 _aمحمد رسول اللہ صلی اللہ علیہ وسلم
260 _bالکتاب
_apak
_c2009
300 _a456
650 _aLiterature
942 _cBK
999 _c13844
_d13844